Statistics for Current UK Supreme Court Justices

Click here to take the quiz!

General Stats

  • This quiz has been taken 3 times
  • The average score is 5 of 11

Answer Stats

Office Justice % Correct
Deputy PresidentBrenda Hale, Baroness Hale of Richmond
100%
JusticeJonathan Sumption, Lord Sumption
67%
JusticeRobert Reed, Lord Reed
67%
JusticeRobert Carnwath, Lord Carnwath of Notting Hill
67%
PresidentDavid Neuberger, Baron Neuberger of Abbotsbury
33%
JusticeNicholas Wilson, Lord Wilson of Culworth
33%
JusticeAnthony Clarke, Baron Clarke of Stone-cum-Ebony
33%
JusticeJonathan Mance, Baron Mance
33%
JusticeBrian Kerr, Baron Kerr of Tonaghmore
33%
JusticePatrick Hodge, Lord Hodge
0%
JusticeAnthony Hughes, Lord Hughes of Ombersley
0%

Score Distribution

Percentile by Number Answered

Percent of People with Each Score

Your Score History

You have not taken this quiz